| 000 | 00868nam a22001817a 4500 | ||
|---|---|---|---|
| 999 |
_c59007 _d59007 |
||
| 003 | Ge_BSU | ||
| 005 | 20221028171038.0 | ||
| 008 | 221028s1998 ge ||||| |||| 00| 0 geo d | ||
| 041 | _ageo | ||
| 080 | _a338.22(075.8) ყ-69 | ||
| 100 |
_aყორღანაშვილი, ლარისა _914273 |
||
| 245 |
_aსაერთაშორისო ბიზნესი : _b[სახელმძღვ. სტუდ.-თვის] / _cლარისა ყორღანაშვილი ; რედ.: გიორგი ბაბუნაშვილი ; თსუ. |
||
| 264 |
_aთბილისი : _bთბილ. უნ-ტის გამ-ბა, _c1998. |
||
| 300 |
_a749 გვ. ; _b20 სმ. |
||
| 504 | _a ბიბლიოგრ.: გვ. 740-743. | ||
| 653 | _aსაერთაშორისო ბიზნესი | ||
| 942 |
_2udc _cBK |
||